[Event "IECC M email"]
[Site "IECC email"]
[Date "2000.05.11"]
[Round "?"]
[White "Ellis, Roscoe"]
[Black "Tomov, Bostjan"]
[Result "0-1"]
[WhiteElo "956"]
[BlackElo "1089"]
[PlyCount "46"]
[EventDate "2000.??.??"]
[EventType "tourn (corr)"]
[EventRounds "2"]
[SourceTitle "Corr 2008"]
[Source "ChessBase"]
[SourceDate "2008.06.24"]
[SourceVersion "1"]
[SourceVersionDate "2008.06.24"]
[SourceQuality "1"]

1. e4 e5 2. Nf3 d6 3. d4 exd4 4. Nxd4 Qh4 5. Nc3 Bg4 6. Nf3 Bxf3 7. Qxf3 Nd7 8. g3 Qd8 9. Bg2 g6 10. 0-0 Ne5 11. Qe3 Bg7 12. b3 Qd7 13. Bb2 Ne7 14. Nd5 0-0 15. Nxe7+ Qxe7 16. Bxe5 Qxe5 17. Rad1 Rfe8 18. Rd5 Qb2 19. c4 Qxa2 20. Rd2 Qa5 21. Rc1 Qa3 22. c5 Qxc1+ 23. Qe1 Qxe1+ 0-1

[Event "IECC M email"]
[Site "IECC email"]
[Date "1999.09.14"]
[Round "?"]
[White "Christensen, Stacey"]
[Black "Tomov, Bostjan"]
[Result "0-1"]
[WhiteElo "1000"]
[BlackElo "998"]
[PlyCount "40"]
[EventDate "1999.??.??"]
[EventType "tourn (corr)"]
[EventRounds "6"]
[SourceTitle "Corr 2008"]
[Source "ChessBase"]
[SourceDate "2008.06.24"]
[SourceVersion "1"]
[SourceVersionDate "2008.06.24"]
[SourceQuality "1"]

1. e4 d5 2. exd5 Qxd5 3. Nc3 Qe5+ 4. Be2 Bg4 5. f3 Bd7 6. d4 Qa5 7. Bf4 Nf6 8. Bc4 e6 9. Nge2 Bd6 10. Qd2 Bxf4 11. Qxf4 Nc6 12. 0-0 0-0-0 13. Rad1 Ne7 14. Qe5 Qb6 15. b3 Bc6 16. a4 Ng6 17. Qe3 h6 18. Rd3 Ne7 19. Rfd1 Nf5 20. Qe5 Nd7 0-1